00569nam a2200157 a 450000100100000000500170001000800410002704000250006808200140009324500740010726000400018130000280022170000320024995201130028199900170039400003372020200930070452.0110907s1881 mau 000 0 spa d aDO-SdBNPbspacBNPHU axxxbC72600aColumbus :bor the discovery of América /cedited by Fred H. Allen. aBoston :bD Lothrop Company,c1881. a225 p. :bil. ;c19 cm.1 aAllen, Fred H.,eed.959164 0010507-18MOaPDbPDcOId2011-09-07iLF1l0oxxx C726p33720-10r2020-06-25w2020-06-25y1ZNo se presta c33211d33211